| 000 | 00553nam a22001577a 4500 | ||
|---|---|---|---|
| 008 | 150302b xxu||||| |||| 00| 0 eng d | ||
| 020 | _a1556350252 | ||
| 050 | _aBT303.2.S35 1994 | ||
| 100 |
_aSchweizer, Eduard _915675 |
||
| 245 |
_aJesus the parable of God : _bwhat do we really know about Jesus _c/ by Eduard Schweizer |
||
| 260 |
_aAllison park, Pennsylvania _bPickwick _c1994 |
||
| 300 |
_a120p. ; _c22cm. |
||
| 650 |
_aJesus Christ _xHistoricity _9561 |
||
| 650 |
_aBible N.T. Gospels _xCriticism _xinterpretation _915676 |
||
| 942 |
_2lcc _cMONOGRAPH |
||
| 999 |
_c122239 _d122239 |
||